000 00583nam a22002057a 4500
005 20260202163100.0
008 260130b |||||||| |||| 00| 0 eng d
020 _a9788197277412
_cRs. 1995.00
040 _aMAIN
082 _a004.019
_bS58D
100 _aSanjana Singh
245 _aDigital ethics and cyber security: As per new education policy guidelines
260 _bYking Books
_c2024
_aJaipur
300 _avi, 256
440 _aNew life skills course series; 5
650 _aComputer Science
650 _aCyber Security
650 _aInternet System
942 _cBK
999 _c395388
_d395388